Szczegóły MARC21

Lectures on Riemann surfaces /

003 -Nazwa inst., której nr kontr. jest w polu 001 [,]
    • @
    • Nazwa instytucji, której n kontrolny jest w polu 001
    • NUKAT
005 -DATA I CZAS OSTATNIEJ MODYFIKACJI [,]
    • @
    • pole kontrolne
    • 20241231092218.0
020 -Międzynarod. znormalizowany nr książki - ISBN [ , ]
    • a
    • Numer ISBN
    • 0387906177 Find
020 -Międzynarod. znormalizowany nr książki - ISBN [ , ]
    • a
    • Numer ISBN
    • 3540906177 Find
040 -Instytucja sporządzająca opis [ , ]
    • a
    • Instytucja, która sporządziła opis (NP)
    • KAT U/22AS
    • c
    • Instytucja, która sporządziła rekord (NP)
    • KAT U/22ASs
    • d
    • Instytucja, która zmodyfikowała rekord (P)
    • KAT U/22AS
041 -Język dokumentu [1, ]
    • a
    • Język tekstu (P)
    • angielski
    • h
    • Język tekstu oryginalnego i/lub pośredniego (P)
    • niemiecki
942 -Rodzaj dokumentu [ , ]
    • c
    • Rodzaj dokumentu
    • Książka
100 -Hasło główne - nazwa osobowa [1, ]
    • a
    • Nazwa osobowa (NP)
    • Forster, Otto
    • d
    • Daty biograficzne (NP)
    • (1937- ).
    • 9
    • KHW
    • 20556
240 -Tytuł ujednolicony [1,0]
    • a
    • Tytuł ujednolicony
    • Riemannsche Flächen
    • l
    • Język tekstu
    • (ang.)
    • 9
    • KHW
    • 90256
245 -Strefa tytułu i oznaczenia odpowiedzialności [1,0]
    • a
    • Tytuł
    • Lectures on Riemann surfaces / Find
    • c
    • Pozostałe elementy strefy tytułu i oznaczenia odpowiedzialności (NP)
    • Otto Forster ; translated by Bruce Gilligan.
260 -Strefa adresu wydawniczego [ , ]
    • a
    • Miejsce wydania (P)
    • New York [etc.] :
    • b
    • Nazwa wydawcy (P)
    • Springer-Verlag,
    • c
    • Data wydania (P)
    • cop. 1981.
300 -Strefa opisu fizycznego [ , ]
    • a
    • Określenie formy książki i/lub objętość (NP)
    • VIII, 254 s. :
    • b
    • Oznaczenie ilustracji (NP)
    • il. ;
    • c
    • Format (NP)
    • 24 cm.
336 -Typ zawartości [ , ]
    • a
    • Termin opisujący typ zawartości
    • Tekst
    • b
    • Kod określający zawartość
    • txt
    • 2
    • Źródło (terminu i kodu)
    • rdacontent
337 -Typ mediów [ , ]
    • a
    • Tryb odtwarzania
    • Bez urządzenia pośredniczącego
    • b
    • Kod typu mediów
    • n
    • 2
    • Źródło (terminu i kodu)
    • rdamedia
338 -Typ/rodzaj nośnika [ , ]
    • a
    • Hasło opisujące typ nośnika
    • Wolumin
    • b
    • Kod typu nośnika
    • nc
    • 2
    • Źródło (terminu i kodu)
    • rdacarrier
490 -Strefa serii i książki wielotomowej - forma nie do wyszukiwania [1, ]
    • a
    • Tytuł (P)
    • Graduate Texts in Mathematics ; Find
    • v
    • Numeracja (P)
    • 81
830 -Hasło dodatkowe serii i opisu książki wielotomowej - tytuł ujednolicony/tytuł [ ,0]
    • a
    • Tytuł ujednolicony/tytuł (NP)
    • Graduate Texts in Mathematics
    • x
    • ISSN
    • 0072-5285
    • v
    • Oznaczenie tomu (NP)
    • 81
    • 9
    • KHW
    • 1448
500 -Uwaga ogólna [ , ]
    • a
    • Uwaga ogólna (NP)
    • S. red.: Translation of: Riemannsche Flächen.
504 -Uwaga dot. bibliogr. załącznikowej [ , ]
    • a
    • Uwaga dot. bibliografii załącznikowej
    • Bibliogr. s. 243-245. Indeksy.
080 -Uniwersalna Klasyfikacja Dziesiętna [ , ]
    • a
    • Symbol klasyfikacji
    • 517.545
    • 2
    • Identyfikator wydania tablic
    • FID 607
    • 9
    • UKD
    • 88147
    • b
    • Dopowiedzenie
    • Powierzchnie Riemanna funkcji zmiennych zespolonych. Uniformizacja.
    • 4
    • UKD2
    • 7644
    • x
    • Poddział wspólny
    • =111
    • c
    • Dopowiedzenie poddz. wspólnego
    • =Język angielski.
080 -Uniwersalna Klasyfikacja Dziesiętna [ , ]
    • a
    • Symbol klasyfikacji
    • 515.179.25
    • 9
    • UKD
    • 90172
    • b
    • Dopowiedzenie
    • Teorie modeli powierzchni Riemanna.
080 -Uniwersalna Klasyfikacja Dziesiętna [ , ]
    • a
    • Symbol klasyfikacji
    • 514.764.2
    • 9
    • UKD
    • 90175
    • b
    • Dopowiedzenie
    • Przestrzenie Riemanna i pseudoriemannowskie.
    • 2
    • Identyfikator wydania tablic
    • FID 607
650 -Hasło przedmiotowe [ ,7]
    • a
    • Hasło przedmiotowe
    • Powierzchnie Riemanna.
    • 2
    • Źródło terminu
    • kaba
    • 9
    • KHW
    • 125319
980 -Symbol UKD [ , ]
    • a
    • UKD
    • 514.764.2:517.545:515.179.25]=111
700 -Hasło dodatkowe - nazwa osobowa [1, ]
    • a
    • Nazwa osobowa (NP)
    • Gilligan, Bruce Find
    • d
    • Daty biograficzne (NP)
    • (1944- ).
    • e
    • Określenie rodzaju współpracy
    • Tł.
    • 9
    • KHW
    • 90254
920 -ISBN [ , ]
    • a
    • ISBN
    • 0-387-90617-7 Find
920 -ISBN [ , ]
    • a
    • ISBN
    • 3-540-90617-7 Find
Numer inwentarzowy Status udost. Data inwentaryzacji Lokalizacja
N.1513511997-01-01BG